000 00245nam a2200109Ia 4500
008 220204s9999 xx 000 0 und d
082 _a82-3
_bMAL
100 _aMallory, Peter
245 0 _aDeadly harvest
260 _aEngland
_c1979
942 _cBK
999 _c32781
_d32781